Statistics for Georgia General Knowledge

Click here to take the quiz!

General Stats

  • This quiz has been taken 17 times
  • The average score is 10 of 15

Answer Stats

HintAnswer% Correct
Capital city with the busiest airport in AmericaAtlanta
100%
Georgias known for this fruit, another nicknamePeach
100%
Cool historic town on the coastSavannah
94%
Famous soda company from AtlantaCoca Cola
94%
39th president from GeorgiaJimmy Carter
94%
NFL team in AtlantaFalcons
88%
Famous civil rights activist from AtlantaMartin Luther King
88%
News station from AtlantaCNN
63%
Beautiful city known for its riverwalkAugusta
63%
Major air lines started in AtlantaDelta
63%
City where University of Georgia isAthens
56%
Nickname: ______ State of The SouthEmpire
44%
City on the Georgia-Alabama borderColumbus
38%
Funny actor and filmmaker in AtlantaTyler Perry
31%
National forest in SuchesChattahoochee
19%

Score Distribution

Percentile by Number Answered

Percent of People with Each Score

Your Score History

You have not taken this quiz